000 00972naa a22002897a 4500
001 BR8001828
003 BR-BrBNA
005 20240918174540.0
007 ta
008 230509b bl.||||| |||| 00| 0 por d
040 _aBR-BrBNA
_bpor
_cBiblioteca Nacional de Agricultura
041 _a(Pt)
072 _aN20
_b4580
_bGG60
090 _aN20 BR8001828
100 1 _aJones, R.
245 1 _aO manejo de uma incubadora [Zona tropical]
246 1 _a[Incubator management [Tropical zone]]
246 1 _a[Poltry industry in tropical countries]
260 3 _aCampinas, SP (Brasil):
_c1980.
500 _aA industria avicola em paises tropicais Campinas, SP (Brasil): 1980. p. 11-16 (BR8001828-AM)N20
650 _aEquipamento rural
650 _aIncubadeira
650 _aZona tropical
773 0 _tA industria avicola em paises tropicais
_wN20 BR8001828
_gCampinas, SP (Brasil), 1980. p. 11-16
909 _a202404
_bLucia
_c55
_dLucia Elande
942 _cAM
_2AGRIS
999 _c311931
_d311931